000 00426nam a22001817a 4500
003 CEME
005 20210628210105.0
008 210211b xxu||||| |||| 00| 0 eng d
020 _a0-7680-0310-5
040 _c.
082 _a629.2-SAE GAS
100 _aSae
_910192
245 _aGasoline performance and additives
260 _aUSA
_bSAE
_c1998
300 _a116P
650 _aGASOLINE FUEL
_978111
942 _cBK
_2ddc
999 _c583261
_d583261